Handbook of coding theory. Vol. 1 /

Gespeichert in:
Bibliographische Detailangaben
Weitere Verfasser: Pless, Vera S. (Herausgegeben von), Huffman, W. Cary (Herausgegeben von)
Format: Buch
Sprache:Englisch
Veröffentlicht: Amsterdam : Elsevier, 1998
Schlagworte:
Tags: Tag hinzufügen
Keine Tags, Fügen Sie das erste Tag hinzu!

MARC

LEADER 00000nam a22000003a 4500
001 stu78124
005 20171024075620.5
008 021125s1998----ne------------------eng-d
020 |a 0-444-81472-8  |z 0-444-50088-X 
024 |2 WOS 
040 |a STU  |b slo 
041 0 |a eng 
044 |a ne 
080 |a 519.72 
100 1 |a Pless, Vera S.  |4 edt 
245 1 |a Handbook of coding theory. Vol. 1 /  |c Eds.: Pless, V.S., Huffman, W.C. 
260 |a Amsterdam :  |b Elsevier,  |c 1998 
300 |a s.1-1138  |c príl. 
650 7 |a teória informácie  |2 stusub 
650 7 |a teória kódovania  |2 stusub 
700 1 |a Huffman, W. Cary  |4 edt 
996 |b 284EK84697  |c E*84697  |l EE16  |s P  |a 0  |w stu78124_0001